书目信息 |
| 题名: |
高等数学飞题教程(上册)
|
|
| 作者: | 龚漫奇 主编 | |
| 分册: | ||
| 出版信息: | 北京 科学出版社 2000.09 |
|
| 页数: | 356页 | |
| 开本: | 24开 | |
| 丛书名: | ||
| 单 册: | ||
| 中图分类: | O13-43 | |
| 科图分类: | ||
| 主题词: | 高等数学 | |
| 电子资源: | ||
| ISBN: | 7-03-008562-0 | |
| 000 | 00577nam0 2200193 45 | |
| 001 | 0011201603 | |
| 005 | 20001120025151.0 | |
| 010 | @a7-03-008562-0@d28.00元 | |
| 100 | @a20001120d2000 km y0chiy0120 ea | |
| 101 | 0 | @achi |
| 105 | @a z 000yy | |
| 200 | 1 | @a高等数学飞题教程(上册)@AGao Deng Shu Xue Fei Ti Jiao Cheng(Shang Ce)@f龚漫奇主编@FGong Man Qi Zhu Bian |
| 210 | @a北京@c科学出版社@d2000.09 | |
| 215 | @a356页@d24开 | |
| 606 | 0 | @a高等数学 |
| 690 | @aO13-43@v3 | |
| 701 | 0 | @a龚漫奇@4主编 |
| 801 | @aCN@bPftUser@c20001120 | |
| 905 | @b414316-317@dO13-43@eG684:2@f2 | |
| 高等数学飞题教程(上册)/龚漫奇主编.-北京:科学出版社,2000.09 |
| 356页;24开 |
| ISBN 7-03-008562-0:28.00元 |
| ● |
| 相关链接 |
|
|
|
正题名:高等数学飞题教程(上册)
索取号:O13-43/G684:2
 
预约/预借
| 序号 | 登录号 | 条形码 | 馆藏地/架位号 | 状态 | 备注 |
| 1 | 414316 | 204143168 | 自科库401/401自科库 108排5列3层/ [索取号:O13-43/G684:2] | 在馆 | |
| 2 | 414317 | 204143177 | 自科库401/401自科库 108排5列3层/ [索取号:O13-43/G684:2] | 在馆 |